| 000 | 00821nam a2200265Ia 4500 | ||
|---|---|---|---|
| 003 | OSt | ||
| 005 | 20220918171143.0 | ||
| 006 | a|||||r|||| 00| 0 | ||
| 007 | ta | ||
| 008 | 220917b |||||||| |||| 00| 0 eng d | ||
| 020 |
_a9781405101790 (pbk) _c1483.11 |
||
| 024 | _a233,763 | ||
| 037 |
_b24953, 22/02/2008, Segment Book Distributors _cTextual |
||
| 040 |
_aARTS _cARTS _beng |
||
| 041 |
_2eng _aeng |
||
| 082 | _aR4, P6 | ||
| 100 |
_aDreier James Ed. _934542 |
||
| 245 | 0 | _aContemporary debates in moral theory | |
| 260 |
_aMalden _bBlackwell Publishing USA _c2006 |
||
| 300 |
_axxiv,331p. _ccm. |
||
| 490 | _aContemporary debates on philosophy | ||
| 650 | _aPHILOSOPHY | ||
| 942 |
_hR4, P6 _cTEXL _2CC |
||
| 999 |
_c138144 _d138144 |
||